Trabajo infantil: causa y efecto de la perpetuación de la pobreza /

El texto aborda el trabajo infantil como una causa y un efecto de la perpetuación de la pobreza, presentando un análisis integral sobre esta problemática. El Programa Internacional para la Erradicación del Trabajo Infantil (IPEC) de la Organización Internacional del Trabajo (OIT) examina cómo el tra...

Celý popis

Uloženo v:
Podrobná bibliografie
Korporativní autor: OIT. Programa Internacional para la Erradicación del Trabajo Infantil
Médium: Kniha
Jazyk:Spanish
Vydáno: San José, Costa Rica OIT. IPEC 2008
Témata:
Tagy: Přidat tag
Žádné tagy, Buďte první, kdo vytvoří štítek k tomuto záznamu!

MARC

LEADER 00000nam a22000007a 4500
003 cru CIDCACS/IIS
005 20230926153425.0
007 ta
008 161007b2008 cr ||||| |||| 00| 0 spa d
022 |a 9789223204341 
040 |c cru CIDCACS/IIS  |a CRAI/IIS 
090 |a 13.09.02 O32t 
110 |a OIT.  |b Programa Internacional para la Erradicación del Trabajo Infantil  |9 106 
245 1 |a Trabajo infantil:  |b causa y efecto de la perpetuación de la pobreza /  |c OIT. IPEC 
260 |a San José, Costa Rica  |b OIT. IPEC  |c 2008 
300 |a 60 páginas :  |b tablas, gráficos 
520 3 |a El texto aborda el trabajo infantil como una causa y un efecto de la perpetuación de la pobreza, presentando un análisis integral sobre esta problemática. El Programa Internacional para la Erradicación del Trabajo Infantil (IPEC) de la Organización Internacional del Trabajo (OIT) examina cómo el trabajo infantil contribuye a la pobreza al limitar las oportunidades educativas y el desarrollo de habilidades en la infancia. A su vez, se explora cómo la pobreza también puede impulsar a los niños a trabajar en condiciones precarias. El estudio resalta la importancia de abordar esta interacción entre trabajo infantil y pobreza para romper el ciclo y promover un desarrollo sostenible y equitativo. RAR 08/2023 
650 0 0 |2 OCDE  |9 6609  |a TRABAJO INFANTIL 
650 0 0 |2 OCDE  |9 284  |a POBREZA 
650 0 0 |2 OCDE  |9 944  |a EDUCACION 
650 0 0 |2 OCDE  |9 77  |a DESIGUALDAD SOCIAL 
650 0 0 |2 OCDE  |9 2049  |a DESARROLLO SOSTENIBLE 
650 0 0 |2 OCDE  |9 4319  |a OPORTUNIDADES DE EDUCACIÓN  
650 0 0 |2 UNESCO  |9 7497  |a INFANCIA 
942 |2 z  |c LI  |h 13.09.02 O32t  |i 07542  |6 130902_O32T_07542 
999 |c 18580  |d 18580